000 00655nam a2200229 a 4500
001 BRCA_7807
005 20190320210014.0
008 161013s1958----sz-ac#####---#000-0#ger-#
041 _ager
044 _asz
050 4 _aND588.B8
_b.B64 1958
100 1 _aBohne, Friedrich
_99377
245 1 0 _aWilhelm Busch
_bLeben. Werk Schicksal
_cFriedrich Bohne.
260 _aZúrich, Suiza
_bFretz & Wasmuth
_cc1958
300 _a307 p.
_bil. a color, láminas, retratos
_c26 cm.
500 _aX89
600 1 4 _aBusch, Wilhelm
_d1832-1908
_919339
650 1 4 _aPintores alemanes
_9797
650 1 4 _aDibujantes alemanes
_910287
902 _aGFM
942 _2lcc
_cB
999 _c7481
_d7481